000 01024namaa2200217 i 4500
001 174217
003 ES-MaACL
005 20250815105704.0
008 100303s1913 sp | |||| ||spa d
080 _a595.75(6)
100 1 _aGarcía Varela, Antonio.
_955374
245 1 0 _aContribución al estudio de los hemípteros de África
_b: notas sobre coréidos del museo de Madrid /
_cpor Antonio García Varela.
260 _aMadrid :
_bJunta para Ampliación de Estudios é Investigaciones Científicas, Instituto Nacional de Ciencias Físico-Naturales,
_c1913.
300 _a33 p. ;
_c23 cm.
490 1 _aTrabajos del Museo de Ciencias Naturales. Serie zoológica ;
_vn. 12
650 4 _aHemípteros-
_zAfrica.
_9142318
710 2 _aJunta para la Ampliación de Estudios e Investigaciones Científicas.
_95413
830 0 0 _aTrabajos del Museo Nacional de Ciencias Naturales.
_pSerie zoológica
_vn. 12
_9189348
852 _aES-MaACL
_jB-13147(5)
_z.- Encuadernado con otras obras
999 _c174217
_d174217